| 000 | 00439nam a22001457a 4500 | ||
|---|---|---|---|
| 082 |
_aM09 _bPKP/A |
||
| 100 |
_aP K Pokker _957601 |
||
| 245 |
_aAdhunikotharathayude keraleeya parisaram/ _cby P K Pokker |
||
| 260 |
_aKottayam: _bSahitya Pravarthaka Cooperative Society, _c2000. |
||
| 300 | _a169p. | ||
| 650 |
_aLiterature Malayalam Criticism _957602 |
||
| 650 |
_aLiterature Malayalam _957603 |
||
| 650 |
_aLiterature _957604 |
||
| 942 | _cBK | ||
| 999 |
_c138841 _d138841 |
||